Transportation systems in buildings (Record no. 105827)
[ view plain ]
| 000 -LEADER | |
|---|---|
| fixed length control field | 01880cam a2200289 4500 |
| 001 - CONTROL NUMBER | |
| control field | ##L134879 |
| 008 - FIXED-LENGTH DATA ELEMENTS--GENERAL INFORMATION | |
| fixed length control field | 060907n2005 000 0 eng u |
| 020 ## - INTERNATIONAL STANDARD BOOK NUMBER | |
| International Standard Book Number | 1903287618 |
| 035 ## - SYSTEM CONTROL NUMBER | |
| System control number | (Sirsi) u134879 |
| 041 0# - LANGUAGE CODE | |
| Language code of text/sound track or separate title | eng |
| 050 04 - LIBRARY OF CONGRESS CALL NUMBER | |
| Classification number | 697 $2 18 |
| 110 2# - MAIN ENTRY--CORPORATE NAME | |
| Corporate name or jurisdiction name as entry element | Chartered Institution of Building Services Engineers |
| 9 (RLIN) | 2360 |
| 245 00 - TITLE STATEMENT | |
| Title | Transportation systems in buildings |
| Remainder of title | CIBSE guide D: 2005 |
| 250 ## - EDITION STATEMENT | |
| Edition statement | 3rd ed. |
| 260 ## - PUBLICATION, DISTRIBUTION, ETC. | |
| Place of publication, distribution, etc. | London |
| Name of publisher, distributor, etc. | CIBSE |
| Date of publication, distribution, etc. | 2005 |
| 300 ## - PHYSICAL DESCRIPTION | |
| Extent | 1v. |
| Other physical details | ill. |
| Dimensions | 30cm. |
| 350 ## - PRICE (NR) (BK AM CF MU VM SE) [OBSOLETE] | |
| Price | 64 |
| 490 #0 - SERIES STATEMENT | |
| Series statement | CIBSE Guide |
| Volume/sequential designation | D |
| 505 2# - FORMATTED CONTENTS NOTE | |
| Formatted contents note | Introduction -- Interior circulation -- Traffic planning and selection of equipment and performance -- Advanced planning techniques and computer programmes -- Types of transportation systems -- Firefighting lifts and evacuation lifts for people with disabilities -- Lift components and installation -- Lift drives and controls -- Lift traffic control -- Escalators and moving walks -- Transportation facilities for persons and persons with disabilities -- Electrical systems and environmental conditions -- Energy consumption of lifts, escalators and moving walks -- Remote monitoring and alarms -- Commissioning, preventative maintenance, testing and thorough examination of lifts, escalator and moving walks -- Modernisation of lift installations -- Legislation, standards and codes of practice -- Construction (Design and Management) Regulations 1994 -- Appendices |
| 520 ## - SUMMARY, ETC. | |
| Summary, etc. | Provides guidance for those involved in designing and installing lift and escalator systems, as well as those who manage buildings in which they operate. |
| 520 ## - SUMMARY, ETC. | |
| Summary, etc. | Supersedes second edition (ISBN 190328709X) |
| 590 ## - LOCAL NOTE (RLIN) | |
| Local note | IKA171006 |
| 651 #4 - SUBJECT ADDED ENTRY--GEOGRAPHIC NAME | |
| Geographic name | United Kingdom |
| Chronological subdivision | |
| 690 ## - LOCAL SUBJECT ADDED ENTRY--TOPICAL TERM (OCLC, RLIN) | |
| Topical term or geographic name as entry element | BUILT ENVIRONMENT-BUILDING ELEMENTS-COMPLETE BUILDING SERVICES ELEMENTS-COMPLETE BUILDING TRANSPORT SYSTEMS |
| 700 1# - ADDED ENTRY--PERSONAL NAME | |
| Personal name | Butcher, Ken |
| Relator term | Editor |
| 942 ## - ADDED ENTRY ELEMENTS (KOHA) | |
| Suppress in OPAC | 0 |
| Withdrawn status | Lost status | Source of classification or shelving scheme | Damaged status | Not for loan | Home library | Current library | Shelving location | Date acquired | Cost, normal purchase price | Total Checkouts | Full call number | Barcode | Date last seen | Date last checked out | Copy number | Cost, replacement price | Price effective from | Koha item type |
|---|---|---|---|---|---|---|---|---|---|---|---|---|---|---|---|---|---|---|
| Dewey Decimal Classification | London | London | Folio | 02/10/2006 | 64.00 | 1 | F697 CHA | 30073310 | 06/08/2019 | 07/01/2009 | 1 | 64.00 | 06/08/2019 | Book |